[Event "XVI Festival A"]
[Site "Cesenatico ITA"]
[Date "2012.09.01"]
[Round "1"]
[White "Castellanos Rodriguez, Renier"]
[Black "Galassi, Federico"]
[WhiteElo "2491"]
[BlackElo "2163"]
[Result "1-0"]
[PlyCount "79"]
[EventDate "2012.09.01"]

1. e4 d6 2. d4 Nf6 3. Nc3 g6 4. Be3 c6 5. Qd2 b5 6. Bd3 Nbd7 7. Nf3 Qc7 8. O-O
Bg7 9. h3 O-O 10. Ne2 a6 11. Ng3 c5 12. c3 Bb7 13. Rfe1 Rac8 14. Bh6 e5 15. d5
c4 16. Bc2 Qd8 17. Bg5 Qc7 18. Nh2 Rce8 19. Rf1 Kh8 20. Rae1 Ng8 21. Ng4 f6 22.
Be3 h5 23. Nh2 Kh7 24. f4 exf4 25. Bxf4 Ne5 26. Nf3 Bh6 27. Ne2 Bc8 28. Nfd4
Qe7 29. Rf2 Bg5 30. Ref1 Kg7 31. Nc6 Bxf4 32. Rxf4 Qc7 33. Ncd4 Nh6 34. R4f2 g5
35. Ng3 Kg6 36. Bd1 h4 37. Bh5+ Kg7 38. Rxf6 Rxf6 39. Qxg5+ Rg6 40. Bxg6 1-0

[Event "XVI Festival A"]
[Site "Cesenatico ITA"]
[Date "2012.09.01"]
[Round "1"]
[White "De Filomeno, Simone"]
[Black "Gori, Andrea"]
[WhiteElo "2365"]
[BlackElo "2094"]
[Result "1-0"]
[PlyCount "67"]
[EventDate "2012.09.01"]

1. e4 e5 2. Nf3 Nc6 3. Bb5 a6 4. Ba4 Nf6 5. O-O b5 6. Bb3 Be7 7. Re1 O-O 8. h3
d6 9. c3 Na5 10. Bc2 c5 11. d4 Qc7 12. Nbd2 Bd7 13. Nf1 Rfb8 14. Bg5 Nc4 15. b3
Nb6 16. Ne3 Rb7 17. dxe5 dxe5 18. Nd5 Nfxd5 19. exd5 Bd6 20. Nh4 c4 21. Qh5 g6
22. Nxg6 fxg6 23. Bxg6 Bc8 24. Re3 Nxd5 25. Rg3 Kf8 26. Qh6+ Qg7 27. Be4 Nf6
28. Qxf6+ Qxf6 29. Bxf6 Kf7 30. Bxb7 Bxb7 31. Rg7+ Kxf6 32. Rxb7 Rc8 33. Rb6
Ke7 34. b4 1-0

[Event "XVI Festival A"]
[Site "Cesenatico ITA"]
[Date "2012.09.01"]
[Round "1"]
[White "Dittmar, Peter"]
[Black "Boraso, Alessio"]
[WhiteElo "2332"]
[BlackElo "2086"]
[Result "1-0"]
[PlyCount "115"]
[EventDate "2012.09.01"]

1. d4 Nf6 2. c4 g6 3. Nc3 Bg7 4. e4 d6 5. f3 O-O 6. Be3 c5 7. d5 e6 8. Qd2 exd5
9. cxd5 a6 10. a4 Nbd7 11. Nh3 Rb8 12. Nf2 Qc7 13. Be2 c4 14. O-O b5 15. axb5
axb5 16. Ra7 Qd8 17. Rfa1 Nc5 18. Bxc5 dxc5 19. e5 b4 20. exf6 bxc3 21. bxc3
Qxf6 22. Ne4 Qe5 23. Bxc4 Bf5 24. d6 Bxe4 25. fxe4 Qxe4 26. Qa2 Qe3+ 27. Kh1
Kh8 28. Rxf7 Rxf7 29. Bxf7 Be5 30. Qd5 Rf8 31. d7 Bc7 32. Be8 Qxc3 33. Rd1 Qd4
34. Qxd4+ cxd4 35. g3 Bd8 36. Rxd4 Kg7 37. Kg2 Rf6 38. h4 h6 39. h5 g5 40. Bg6
Re6 41. Bf5 Rb6 42. g4 Kf6 43. Kf3 Ke7 44. Re4+ Kd6 45. Re6+ Kc7 46. Rxb6 Kxb6
47. Ke4 Kc7 48. Kd5 Be7 49. Ke6 Bd8 50. Kf7 Kd6 51. Ke8 Kc7 52. Bd3 Bf6 53. Be4
Bd8 54. Bf5 Bf6 55. Kf7 Bd8 56. Kg7 Kd6 57. Kxh6 Ke7 58. Kg7 1-0

[Event "XVI Festival A"]
[Site "Cesenatico ITA"]
[Date "2012.09.01"]
[Round "1"]
[White "Mandolini, Riccardo"]
[Black "De Santis, Alessio"]
[WhiteElo "2085"]
[BlackElo "2325"]
[Result "0-1"]
[PlyCount "48"]
[EventDate "2012.09.01"]

1. e4 b6 2. Nc3 Bb7 3. d4 e6 4. Bd3 Nf6 5. Nge2 d5 6. exd5 exd5 7. O-O Bd6 8.
Nb5 Be7 9. Bf4 Na6 10. Ng3 Bc8 11. Re1 O-O 12. Qd2 c6 13. Rxe7 Qxe7 14. Nd6 Nc7
15. Ndf5 Bxf5 16. Nxf5 Qd7 17. Bxc7 Qxc7 18. Qg5 Ne8 19. Ne7+ Kh8 20. Re1 h6
21. Qf5 Nf6 22. Re6 fxe6 23. Ng6+ Kg8 24. Qxe6+ Rf7 0-1

[Event "XVI Festival A"]
[Site "Cesenatico ITA"]
[Date "2012.09.01"]
[Round "1"]
[White "Mauro, Alan"]
[Black "Petkov, Vladimir"]
[WhiteElo "2184"]
[BlackElo "2522"]
[Result "0-1"]
[PlyCount "58"]
[EventDate "2012.09.01"]

1. e4 e5 2. Nf3 Nc6 3. Bb5 Nf6 4. Qe2 Bc5 5. O-O O-O 6. c3 d5 7. d3 Bg4 8. Bg5
dxe4 9. dxe4 h6 10. Bh4 Qd6 11. h3 Bh5 12. Nbd2 a6 13. Nc4 Qe6 14. Bxc6 Qxc6
15. Ncxe5 Qxe4 16. Qxe4 Nxe4 17. Rfe1 f5 18. g4 Be8 19. gxf5 Nd6 20. f6 gxf6
21. Nd3 Bb6 22. Kh2 Nf5 23. Re4 Bc6 24. Rg4+ Kh7 25. Nd4 Bxd4 26. cxd4 Rad8 27.
Rf4 Rxd4 28. Rxf5 Rxh4 29. Ne5 Be4 0-1

[Event "XVI Festival A"]
[Site "Cesenatico ITA"]
[Date "2012.09.01"]
[Round "1"]
[White "Pascucci, Marco"]
[Black "Colovic, Aleksandar"]
[WhiteElo "2132"]
[BlackElo "2449"]
[Result "0-1"]
[PlyCount "112"]
[EventDate "2012.09.01"]

1. Nf3 c5 2. b3 d6 3. Bb2 e5 4. d3 Nc6 5. g3 f5 6. Bg2 Nf6 7. O-O Be7 8. c4 O-O
9. e3 Qe8 10. Nc3 Rb8 11. a3 a6 12. Nd5 Nxd5 13. cxd5 Nd8 14. b4 cxb4 15. axb4
Bd7 16. Nd2 Qg6 17. f4 Nf7 18. Nf3 Bf6 19. Qd2 Rbe8 20. Rfe1 Bb5 21. Rac1 exf4
22. gxf4 Bxb2 23. Qxb2 Bxd3 24. Nd4 Re7 25. Ne6 Rfe8 26. Nc7 Rb8 27. Kh1 Nh6
28. Qd2 Bb5 29. Nxb5 axb5 30. Bf1 Ng4 31. Bxb5 Nf6 32. Rg1 Qh5 33. Be2 Ne4 34.
Bxh5 Nxd2 35. Rgd1 Ne4 36. Re1 Nf2+ 37. Kg2 Nd3 38. Rcd1 Nxe1+ 39. Rxe1 Ra8 40.
Kf2 Ra4 41. b5 Rb4 42. Be2 Rb3 43. Bf1 Kf7 44. Bc4 Rc3 45. Bf1 Kf6 46. Kf3 h6
47. Kf2 g5 48. fxg5+ hxg5 49. h3 Re5 50. Ra1 Rexe3 51. Ra7 Re7 52. Ra8 Ke5 53.
Rg8 Kf4 54. Rg6 Rc2+ 55. Kg1 Re1 56. Re6 Rd1 0-1

[Event "XVI Festival A"]
[Site "Cesenatico ITA"]
[Date "2012.09.01"]
[Round "1"]
[White "Roeder, Matthias"]
[Black "Facchetti, Gianni"]
[WhiteElo "2432"]
[BlackElo "2110"]
[Result "1-0"]
[PlyCount "96"]
[EventDate "2012.09.01"]

1. Nf3 Nf6 2. c4 d6 3. d4 Nbd7 4. Nc3 e5 5. e4 c6 6. Be2 Be7 7. O-O Qc7 8. Be3
a6 9. d5 c5 10. Ne1 Nf8 11. a4 a5 12. f4 exf4 13. Bxf4 Ng6 14. Bg3 O-O 15. Nd3
Bd7 16. Kh1 Ne8 17. Bg4 Bh4 18. Bxh4 Nxh4 19. Bxd7 Qxd7 20. Qh5 Ng6 21. Rae1 f6
22. Re3 Rf7 23. Rh3 Nf8 24. Rhf3 Ng6 25. b3 Re7 26. Rh3 Nf8 27. Kg1 Rf7 28.
Rhf3 Ng6 29. Rh3 Nf8 30. Nb5 Qe7 31. Qh4 g6 32. Rhf3 Rc8 33. Qe1 Ra8 34. e5
dxe5 35. Nxe5 Rg7 36. Nd3 Qxe1 37. Rxe1 b6 38. Kf2 f5 39. h3 Nc7 40. Ne5 Nxb5
41. cxb5 Rd8 42. Rd3 Nd7 43. Nc4 Rb8 44. Re6 Kf8 45. Rde3 Rf7 46. Nd6 Rf6 47.
Re8+ Kg7 48. R8e7+ Kf8 1-0

[Event "XVI Festival A"]
[Site "Cesenatico ITA"]
[Date "2012.09.01"]
[Round "1"]
[White "Stella, Andrea"]
[Black "Buriani, Andrea"]
[WhiteElo "2456"]
[BlackElo "2143"]
[Result "1-0"]
[PlyCount "77"]
[EventDate "2012.09.01"]

1. Nf3 d5 2. c4 c6 3. d4 Nf6 4. Nbd2 Bf5 5. Nh4 Be6 6. e3 g6 7. Be2 Bg7 8. O-O
O-O 9. Nhf3 h6 10. b4 Nbd7 11. a4 dxc4 12. Nxc4 Nb6 13. Na5 Rb8 14. Qc2 Nfd5
15. Bd2 Qd6 16. Qc5 f5 17. Rfc1 Rfc8 18. Bd1 Kf8 19. Rab1 g5 20. Qc2 Kg8 21.
Be2 Nf6 22. Bd3 Ne4 23. Be1 Rf8 24. Nc4 Nxc4 25. Bxc4 Bd5 26. b5 Rfc8 27. Bxd5+
cxd5 28. Qxc8+ Rxc8 29. Rxc8+ Kf7 30. Bb4 Qe6 31. Rc7 Nd6 32. Bxd6 Qxd6 33.
Rxb7 g4 34. Nd2 f4 35. Rxa7 fxe3 36. fxe3 Qa3 37. Nf1 Qd3 38. Rb2 Bxd4 39. exd4
1-0

[Event "XVI Festival A"]
[Site "Cesenatico ITA"]
[Date "2012.09.01"]
[Round "1"]
[White "Volkov, Sergey"]
[Black "Schaefer, Michael"]
[WhiteElo "2575"]
[BlackElo "2188"]
[Result "1-0"]
[PlyCount "93"]
[EventDate "2012.09.01"]

1. d4 Nf6 2. c4 e6 3. Nc3 d5 4. cxd5 exd5 5. Bg5 c6 6. e3 Bf5 7. Qf3 Bg6 8.
Bxf6 Qxf6 9. Qxf6 gxf6 10. Nf3 Nd7 11. Nh4 Bb4 12. O-O-O Bxc3 13. bxc3 Nb6 14.
Bd3 Nc8 15. f3 Nd6 16. e4 O-O-O 17. e5 fxe5 18. dxe5 Bxd3 19. Rxd3 Nc4 20. f4
Rde8 21. Re1 Rhg8 22. Re2 Rg4 23. g3 Kd7 24. Nf5 f6 25. Ne3 Nxe3 26. Rdxe3 fxe5
27. Rxe5 Rgg8 28. Kd2 Rxe5 29. Rxe5 Re8 30. Rh5 Re7 31. Rh6 b5 32. f5 a5 33. a3
Rf7 34. g4 Kc7 35. Kd3 Kb6 36. Kd4 Re7 37. h3 Re4+ 38. Kd3 b4 39. cxb4 axb4 40.
axb4 Rxb4 41. f6 Rf4 42. g5 Kb5 43. Rxh7 c5 44. Ke3 Rf5 45. f7 c4 46. g6 c3 47.
Rh8 1-0

[Event "XVI Festival A"]
[Site "Cesenatico ITA"]
[Date "2012.09.02"]
[Round "2"]
[White "De Santis, Alessio"]
[Black "Castellanos Rodriguez, Renier"]
[WhiteElo "2325"]
[BlackElo "2491"]
[Result "0-1"]
[PlyCount "114"]
[EventDate "2012.09.01"]

1. d4 g6 2. c4 Bg7 3. e4 d6 4. Nc3 Nf6 5. f3 O-O 6. Bg5 c5 7. d5 e6 8. Qd2 exd5
9. cxd5 a6 10. a4 h6 11. Be3 h5 12. Bh6 Re8 13. Bxg7 Kxg7 14. Bd3 Nbd7 15. Nge2
Qb6 16. a5 Qa7 17. Bc2 b5 18. axb6 Qxb6 19. O-O a5 20. Ba4 Ba6 21. Bc6 Ra7 22.
Rfb1 Rb8 23. Bxd7 Nxd7 24. Nf4 Ne5 25. h4 Qd8 26. Qf2 Rab7 27. Ra2 Bc4 28. Ra3
Bd3 29. Rba1 Rxb2 30. Qg3 Kh7 31. Rxa5 Qf6 32. Ra7 R2b3 33. Nxd3 Nxd3 34. Ne2
Rb1+ 35. Rxb1 Rxb1+ 36. Kh2 Rb2 37. Ng1 Nf4 38. Nh3 Rxg2+ 39. Qxg2 Nxg2 40.
Rxf7+ Qxf7 41. Ng5+ Kg7 42. Nxf7 c4 43. Kxg2 Kxf7 44. Kf2 c3 45. Ke2 c2 46. Kd2
g5 47. hxg5 h4 48. e5 h3 49. e6+ Ke7 50. Kxc2 h2 51. Kd3 h1=Q 52. Ke4 Qh7+ 53.
Kf4 Qd3 54. Kg4 Qxd5 55. f4 Kxe6 56. Kh5 Kf5 57. Kh6 Qg8 0-1

[Event "XVI Festival A"]
[Site "Cesenatico ITA"]
[Date "2012.09.02"]
[Round "2"]
[White "Lain, Luigi"]
[Black "Gaspari, Mauro"]
[WhiteElo "2212"]
[BlackElo "1966"]
[Result "1-0"]
[PlyCount "55"]
[EventDate "2012.09.01"]

1. d4 d6 2. c4 e5 3. d5 Nf6 4. Nc3 Bf5 5. f3 e4 6. Qd4 Nbd7 7. g4 Bg6 8. g5 Nh5
9. Nxe4 Be7 10. f4 O-O 11. Bh3 Bxe4 12. Qxe4 Nc5 13. Qd4 a5 14. Bg4 Nf6 15. Bf3
a4 16. Bd2 Nfd7 17. Bc3 f6 18. h4 Re8 19. e4 c6 20. Ne2 cxd5 21. exd5 Ne5 22.
fxe5 fxe5 23. Qe3 e4 24. Bg4 Qb6 25. Be6+ Kh8 26. Bxg7+ Kxg7 27. Qc3+ Kg6 28.
Nf4# 1-0

[Event "XVI Festival A"]
[Site "Cesenatico ITA"]
[Date "2012.09.02"]
[Round "2"]
[White "Lucchi, Lorenzo"]
[Black "Brunner, Werner"]
[WhiteElo "2080"]
[BlackElo "2110"]
[Result "1-0"]
[PlyCount "45"]
[EventDate "2012.09.01"]

1. e4 d5 2. exd5 Qxd5 3. Nc3 Qd6 4. d4 Nf6 5. g3 Bg4 6. Nf3 Nc6 7. Bg2 O-O-O 8.
O-O e5 9. h3 Bxf3 10. Qxf3 exd4 11. Bf4 Qc5 12. Ne4 Nxe4 13. Qxe4 Bd6 14. b4
Qc4 15. b5 Qxb5 16. Rfb1 Qa4 17. Qf5+ Rd7 18. Bxd6 cxd6 19. Rxb7 Rhd8 20. Rab1
g6 21. Bxc6 gxf5 22. Rb8+ Kc7 23. Bxa4 1-0

[Event "XVI Festival A"]
[Site "Cesenatico ITA"]
[Date "2012.09.02"]
[Round "2"]
[White "Medancic, Rikard"]
[Black "De Filomeno, Simone"]
[WhiteElo "2222"]
[BlackElo "2365"]
[Result "1/2-1/2"]
[PlyCount "58"]
[EventDate "2012.09.01"]

1. d4 d5 2. c4 e6 3. Nc3 Nf6 4. cxd5 exd5 5. Bg5 Be7 6. e3 c6 7. Bd3 Bg4 8. f3
Bh5 9. Nge2 Bg6 10. Qc2 Na6 11. a3 Nc7 12. e4 dxe4 13. fxe4 Ne6 14. Bxf6 Bxf6
15. e5 Bxd3 16. Qxd3 Bxe5 17. O-O-O Qg5+ 18. Kb1 O-O-O 19. Qc4 Bc7 20. d5 cxd5
21. Nxd5 Kb8 22. Nxc7 Nxc7 23. Qxf7 Qxg2 24. Nc3 a6 25. Rdg1 Qc6 26. Qxg7 Ne6
27. Qe5+ Ka8 28. Rd1 Nd4 29. Qe4 Qxe4+ 1/2-1/2

[Event "XVI Festival A"]
[Site "Cesenatico ITA"]
[Date "2012.09.02"]
[Round "2"]
[White "Mrdja, Milan"]
[Black "Distaso, Antonio"]
[WhiteElo "2347"]
[BlackElo "2072"]
[Result "1-0"]
[PlyCount "159"]
[EventDate "2012.09.01"]

1. e4 d6 2. d4 Nf6 3. Bd3 e5 4. Nf3 exd4 5. Nxd4 Be7 6. O-O O-O 7. Re1 Re8 8.
c4 c6 9. Nc3 Bf8 10. Bg5 Nbd7 11. Qd2 Qa5 12. Rad1 h6 13. Bh4 Qh5 14. Bg3 Nc5
15. Bc2 a5 16. b3 Bd7 17. f3 Rad8 18. Nce2 Ne6 19. Nf5 d5 20. exd5 cxd5 21. Bd6
Bc6 22. Neg3 Qg5 23. f4 Qg4 24. c5 Ne4 25. Bxe4 dxe4 26. Qc3 Nxf4 27. h3 Qg5
28. Bxf8 Kxf8 29. Rxd8 Rxd8 30. h4 Qg6 31. Qe5 Ne6 32. h5 Qg4 33. Rf1 Rd1 34.
Qb8+ Be8 35. Nd6 Rxd6 36. Qxd6+ Kg8 37. Nf5 Ng5 38. Qd8 Nf3+ 39. Rxf3 exf3 40.
Qxe8+ Kh7 41. Ne3 Qf4 42. gxf3 Qg3+ 43. Ng2 Qxf3 44. Qe5 f6 45. Qe8 Qd5 46. Ne3
Qxc5 47. Kf2 Qd4 48. Kf3 Qa1 49. Qe4+ Kh8 50. Qe8+ Kh7 51. a4 Qh1+ 52. Ke2 Qh2+
53. Kd3 Qd6+ 54. Kc3 Qb4+ 55. Kc2 Qc5+ 56. Nc4 Qf2+ 57. Nd2 Qc5+ 58. Kd1 Qg1+
59. Qe1 Qg4+ 60. Qe2 Qg1+ 61. Kc2 Qc5+ 62. Kb2 Qd4+ 63. Ka2 Qc5 64. Nc4 b5 65.
Qd3+ f5 66. axb5 Qxb5 67. Qc3 a4 68. b4 f4 69. Ne5 Qe2+ 70. Ka3 Qxh5 71. Qd3+
Kg8 72. Qd5+ Kh7 73. Qe4+ Kg8 74. Kxa4 Qe8+ 75. b5 g5 76. Kb4 Qe6 77. Qc4 Qxc4+
78. Kxc4 f3 79. Nxf3 g4 80. Nh4 1-0

[Event "XVI Festival A"]
[Site "Cesenatico ITA"]
[Date "2012.09.02"]
[Round "2"]
[White "Naumkin, Igor"]
[Black "Schaufelberger, Heinz"]
[WhiteElo "2473"]
[BlackElo "2281"]
[Result "1-0"]
[PlyCount "61"]
[EventDate "2012.09.01"]

1. d4 Nf6 2. c4 g6 3. Nc3 Bg7 4. e4 d6 5. Nf3 O-O 6. Be2 e5 7. d5 c5 8. Bg5 h6
9. Bh4 Qc7 10. Nd2 h5 11. O-O Ne8 12. Bg5 Bf6 13. Be3 Qe7 14. a3 Bg5 15. Bxg5
Qxg5 16. Kh1 Nd7 17. b4 b6 18. Rb1 a6 19. Na4 Qd8 20. Nb2 Ndf6 21. Nd3 Ng4 22.
h3 Ngf6 23. f4 exf4 24. Rxf4 Qe7 25. bxc5 bxc5 26. Qe1 Nd7 27. Nf3 Ng7 28. Qg3
a5 29. Rf1 Ne5 30. Nfxe5 dxe5 31. R4f2 1-0

[Event "XVI Festival A"]
[Site "Cesenatico ITA"]
[Date "2012.09.02"]
[Round "2"]
[White "Petkov, Vladimir"]
[Black "Dittmar, Peter"]
[WhiteElo "2522"]
[BlackElo "2332"]
[Result "1-0"]
[PlyCount "45"]
[EventDate "2012.09.01"]

1. c4 e5 2. Nc3 Nc6 3. Nf3 Nf6 4. e3 Bb4 5. Qc2 Bxc3 6. Qxc3 Qe7 7. a3 d5 8. b4
d4 9. Qb2 Bg4 10. b5 Bxf3 11. gxf3 Nd8 12. Qb4 Ne6 13. Qxe7+ Kxe7 14. a4 Nd7
15. Ba3+ Ndc5 16. f4 Kf6 17. fxe5+ Kxe5 18. Rg1 Nxa4 19. Be7 Nac5 20. f4+ Ke4
21. Ke2 dxe3 22. dxe3 h6 23. Rd1 1-0

[Event "XVI Festival A"]
[Site "Cesenatico ITA"]
[Date "2012.09.02"]
[Round "2"]
[White "Sharma, Dinesh K."]
[Black "Volkov, Sergey"]
[WhiteElo "2361"]
[BlackElo "2575"]
[Result "1/2-1/2"]
[PlyCount "95"]
[EventDate "2012.09.01"]

1. e4 e6 2. d4 d5 3. Nc3 Nf6 4. Bg5 Bb4 5. e5 h6 6. Bd2 Bxc3 7. bxc3 Ne4 8. Qg4
Kf8 9. Bd3 Nxd2 10. Kxd2 c5 11. Nf3 c4 12. Be2 b5 13. h4 Nc6 14. a3 a5 15. h5
Ra7 16. Qf4 Qe7 17. Rhb1 b4 18. axb4 axb4 19. cxb4 Rxa1 20. Rxa1 Qxb4+ 21. Kd1
Ke7 22. Qh4+ Ke8 23. Qf4 Rf8 24. Qc1 f6 25. exf6 Rxf6 26. c3 Qb3+ 27. Ke1 Rf5
28. Nh4 Rf7 29. Nf3 Rb7 30. Bd1 Qb2 31. Qxb2 Rxb2 32. Ba4 Bd7 33. Bxc6 Bxc6 34.
Ra6 Bb7 35. Rxe6+ Kf7 36. Re2 Rb1+ 37. Kd2 Bc8 38. Ne5+ Kf6 39. Re3 Rb2+ 40.
Ke1 Rb1+ 41. Ke2 Rb2+ 42. Kf3 Kg5 43. g4 Rb1 44. Kg2 Rc1 45. Rf3 Be6 46. Re3
Bc8 47. Rf3 Be6 48. Re3 1/2-1/2

[Event "XVI Festival A"]
[Site "Cesenatico ITA"]
[Date "2012.09.02"]
[Round "2"]
[White "Valsecchi, Alessio"]
[Black "Bentivegna, Francesco"]
[WhiteElo "2427"]
[BlackElo "2319"]
[Result "1/2-1/2"]
[PlyCount "26"]
[EventDate "2012.09.01"]

1. Nf3 d5 2. d4 Nf6 3. c4 c6 4. e3 e6 5. b3 Nbd7 6. Bd3 Bd6 7. Bb2 O-O 8. O-O
b6 9. Nbd2 Bb7 10. Qe2 Qe7 11. Rad1 Rfd8 12. Rfe1 Rac8 13. Bb1 Bb4 1/2-1/2

[Event "XVI Festival A"]
[Site "Cesenatico ITA"]
[Date "2012.09.03"]
[Round "3"]
[White "De Filomeno, Simone"]
[Black "Lucchi, Lorenzo"]
[WhiteElo "2365"]
[BlackElo "2080"]
[Result "1-0"]
[PlyCount "61"]
[EventDate "2012.09.01"]

1. e4 e5 2. Nf3 Nc6 3. Bb5 Nf6 4. O-O Nxe4 5. d4 Nd6 6. dxe5 Nxb5 7. a4 Nbd4 8.
Nxd4 Nxd4 9. Qxd4 d5 10. Qd3 c6 11. a5 Bc5 12. Qg3 Be6 13. Qxg7 Kd7 14. Bg5 Qc7
15. Bf6 h5 16. Nd2 Rhg8 17. Qh7 Rg6 18. Nb3 Be7 19. Bxe7 Kxe7 20. Qxh5 Rag8 21.
g3 Kf8 22. Qh4 Bg4 23. f4 Bf5 24. Nd4 Qd7 25. Rae1 c5 26. e6 fxe6 27. Nxf5 exf5
28. Re5 Kf7 29. Rfe1 Rf6 30. Qh7+ Rg7 31. Re7+ 1-0

[Event "XVI Festival A"]
[Site "Cesenatico ITA"]
[Date "2012.09.03"]
[Round "3"]
[White "Dobboletta, Alex"]
[Black "Sharma, Dinesh K."]
[WhiteElo "2013"]
[BlackElo "2361"]
[Result "0-1"]
[PlyCount "64"]
[EventDate "2012.09.01"]

1. e4 e6 2. Qe2 e5 3. Nf3 Nc6 4. c3 Nf6 5. d4 Qe7 6. d5 Nb8 7. Qc2 g6 8. Be2
Bg7 9. O-O O-O 10. c4 d6 11. Nc3 a5 12. Bd2 Bg4 13. a3 Na6 14. Rfb1 b6 15. Ne1
Bxe2 16. Nxe2 a4 17. Nc3 Nc5 18. Bg5 h6 19. Bxf6 Bxf6 20. Nd3 Nb3 21. Ra2 Qd7
22. Nb4 Bg5 23. Nb5 f5 24. Rd1 Kg7 25. exf5 Rxf5 26. Nc3 Rf4 27. Ne4 Qf5 28.
Nxg5 Qxg5 29. Nd3 Rf7 30. Qe2 Raf8 31. Qe3 Qg4 32. Re1 Qxc4 0-1

[Event "XVI Festival A"]
[Site "Cesenatico ITA"]
[Date "2012.09.03"]
[Round "3"]
[White "Emami, Madjid"]
[Black "Mastrolonardo, Francesco"]
[WhiteElo "2022"]
[BlackElo "1835"]
[Result "1/2-1/2"]
[PlyCount "33"]
[EventDate "2012.09.01"]

1. Nf3 g6 2. e4 c5 3. g3 Nc6 4. d3 Bg7 5. Bg2 d6 6. O-O e6 7. Nbd2 Nge7 8. c3
O-O 9. Ne1 Rb8 10. f4 b5 11. Ndf3 b4 12. c4 Nd4 13. Nxd4 Bxd4+ 14. Kh1 f5 15.
Nf3 Bg7 16. Qe2 Nc6 17. Be3 1/2-1/2

[Event "XVI Festival A"]
[Site "Cesenatico ITA"]
[Date "2012.09.03"]
[Round "3"]
[White "Monducci, Mirko"]
[Black "Medancic, Rikard"]
[WhiteElo "1942"]
[BlackElo "2222"]
[Result "1/2-1/2"]
[PlyCount "86"]
[EventDate "2012.09.01"]

1. d4 f5 2. Nf3 Nf6 3. g3 b5 4. Bg2 Bb7 5. Bg5 e6 6. Nbd2 Be7 7. O-O O-O 8. c3
Nh5 9. Bxe7 Qxe7 10. e3 Nf6 11. a4 b4 12. Qb3 Na6 13. Ne5 Bxg2 14. Kxg2 Rab8
15. Qc4 Qd6 16. Rfd1 Rb7 17. Qb3 Rfb8 18. c4 c5 19. Ndf3 cxd4 20. exd4 Rc8 21.
Qd3 Nb8 22. b3 Qc7 23. Qe3 Re8 24. Kg1 d6 25. Nd3 Nc6 26. Nf4 Qc8 27. h3 Rbe7
28. Qd3 Na5 29. Rac1 Qb7 30. c5 d5 31. Ne5 Ne4 32. Ne2 a6 33. f3 Ng5 34. h4 Nf7
35. Nxf7 Rxf7 36. f4 Nc6 37. Kg2 h6 38. Ng1 Qc8 39. Nf3 Rf6 40. Re1 Qb7 41. Ne5
Rc8 42. Rc2 Nxe5 43. Rxe5 Kh8 1/2-1/2

[Event "XVI Festival A"]
[Site "Cesenatico ITA"]
[Date "2012.09.03"]
[Round "3"]
[White "Roeder, Matthias"]
[Black "Petkov, Vladimir"]
[WhiteElo "2432"]
[BlackElo "2522"]
[Result "0-1"]
[PlyCount "80"]
[EventDate "2012.09.01"]

1. Nf3 Nc6 2. d4 d5 3. Bf4 Bg4 4. e3 e6 5. Be2 Bd6 6. Bg3 Nge7 7. Nbd2 O-O 8.
O-O f5 9. Ng5 Bxe2 10. Qxe2 Qd7 11. Ngf3 Ng6 12. Bxd6 cxd6 13. c4 dxc4 14. Qxc4
Nge7 15. Rac1 Nd5 16. a3 Rac8 17. Qb5 Rc7 18. g3 Rfc8 19. Nb3 h6 20. Qd3 Qf7
21. Nfd2 Nf6 22. f3 d5 23. Rc3 e5 24. Nc5 Qh5 25. dxe5 Nxe5 26. Qd4 Nc6 27. Qd3
Re7 28. Qb5 a6 29. Nxa6 Kh7 30. Nb4 d4 31. Rc5 dxe3 32. Rxf5 Qg6 33. Rxf6 Qxf6
34. Ne4 Qg6 35. Nxc6 Rxc6 36. Qd3 Rec7 37. h4 e2 38. Re1 Rc1 39. Qxe2 R7c2 40.
Qe3 Qb6 0-1

[Event "XVI Festival A"]
[Site "Cesenatico ITA"]
[Date "2012.09.03"]
[Round "3"]
[White "Salzano, Guido"]
[Black "Carletti, Davide M."]
[WhiteElo "2034"]
[BlackElo "1844"]
[Result "1-0"]
[PlyCount "119"]
[EventDate "2012.09.01"]

1. e4 e5 2. Nf3 Nc6 3. d4 exd4 4. Nxd4 Bc5 5. Nb3 Bb4+ 6. c3 Be7 7. c4 Nf6 8.
Nc3 O-O 9. Be2 d6 10. Be3 Be6 11. Nd4 Ne5 12. Nxe6 fxe6 13. f4 Ng6 14. O-O Rf7
15. Qb3 b6 16. Rad1 Qc8 17. c5 Kh8 18. cxd6 cxd6 19. Bc4 d5 20. exd5 Ng4 21.
Bd4 Bc5 22. dxe6 Bxd4+ 23. Rxd4 Qc5 24. Ne2 Rxf4 25. Rfxf4 Nxf4 26. Qc3 Ng6 27.
Bd5 Rd8 28. Qxc5 bxc5 29. Rxg4 Rxd5 30. Re4 Ne7 31. Nc3 Rd2 32. Re2 Rd8 33. Ne4
Rd5 34. Rd2 Rxd2 35. Nxd2 g6 36. Ne4 c4 37. Nd6 Kg7 38. Nxc4 Kf6 39. Kf2 Kxe6
40. Kf3 Kd5 41. Ne3+ Ke5 42. Ng4+ Kf5 43. Nh6+ Kf6 44. Ke4 Nc6 45. Ng4+ Ke6 46.
Ne3 Ne5 47. a3 Nf7 48. h4 Nd6+ 49. Kf4 a6 50. g4 h6 51. h5 g5+ 52. Kf3 Ke5 53.
b4 Ke6 54. a4 Ke5 55. a5 Ke6 56. Nf5 Nf7 57. Ke4 Kf6 58. b5 Ne5 59. b6 Nd7 60.
Kd5 1-0

[Event "XVI Festival A"]
[Site "Cesenatico ITA"]
[Date "2012.09.03"]
[Round "3"]
[White "Steccanella, Sergio"]
[Black "Valsecchi, Alessio"]
[WhiteElo "1764"]
[BlackElo "2427"]
[Result "0-1"]
[PlyCount "54"]
[EventDate "2012.09.01"]

1. d4 Nf6 2. c4 c5 3. d5 b5 4. b3 e6 5. dxe6 fxe6 6. Nf3 bxc4 7. bxc4 Nc6 8. g3
Rb8 9. Bg2 Ne4 10. Bd2 Be7 11. Nc3 Nxd2 12. Nxd2 Bf6 13. Rc1 Bxc3 14. Rxc3 Qa5
15. Rb3 O-O 16. O-O Bb7 17. Nf3 Qxa2 18. Rd3 Bc8 19. Rxd7 Bxd7 20. Qxd7 Nd4 21.
Nxd4 cxd4 22. Qxd4 a5 23. Ra1 Rb1+ 24. Rxb1 Qxb1+ 25. Bf1 a4 26. Kg2 a3 27. e4
a2 0-1

[Event "XVI Festival A"]
[Site "Cesenatico ITA"]
[Date "2012.09.03"]
[Round "3"]
[White "Stella, Andrea"]
[Black "Cocconcelli, Lorenzo"]
[WhiteElo "2456"]
[BlackElo "2017"]
[Result "1-0"]
[PlyCount "59"]
[EventDate "2012.09.01"]

1. Nf3 d5 2. c4 c6 3. g3 Nf6 4. Bg2 g6 5. b3 Bg7 6. Bb2 O-O 7. O-O Nbd7 8. d4
Ne4 9. Nbd2 f5 10. e3 b6 11. Rc1 Bb7 12. b4 e6 13. Qb3 g5 14. Rc2 h5 15. cxd5
cxd5 16. Rfc1 Rc8 17. Rxc8 Bxc8 18. Qc2 Qf6 19. b5 f4 20. exf4 Nxd2 21. Qxd2
gxf4 22. Qxf4 Qxf4 23. gxf4 a6 24. Ng5 Nc5 25. bxa6 Nd3 26. a7 Ba6 27. Nxe6
Nxc1 28. Nxf8 Ne2+ 29. Kh1 Bb7 30. Ne6 1-0

[Event "XVI Festival A"]
[Site "Cesenatico ITA"]
[Date "2012.09.03"]
[Round "3"]
[White "Virzi, Ettore"]
[Black "Friedrich, Norbert"]
[WhiteElo "1951"]
[BlackElo "2311"]
[Result "1/2-1/2"]
[PlyCount "82"]
[EventDate "2012.09.01"]

1. e4 c5 2. Nf3 e6 3. d4 cxd4 4. Nxd4 a6 5. Bd3 Nf6 6. O-O d6 7. c4 b6 8. Nc3
Bb7 9. f4 Nbd7 10. Qe2 Be7 11. Bd2 O-O 12. Rae1 Re8 13. Kh1 g6 14. Bb1 Bf8 15.
e5 Nh5 16. Nf3 dxe5 17. fxe5 Bg7 18. Be4 Bxe4 19. Nxe4 Nxe5 20. Nxe5 Bxe5 21.
Bg5 f6 22. Rd1 Qc7 23. g4 f5 24. gxh5 Qc6 25. Qf3 Qxe4 26. Qxe4 fxe4 27. hxg6
hxg6 28. Bf6 e3 29. Rde1 Bxf6 30. Rxf6 Kg7 31. Rf3 Rad8 32. Rfxe3 Rd2 33. R1e2
Rxe2 34. Rxe2 Kf6 35. Kg2 Rd8 36. Kf3 Rd4 37. Re4 Rd2 38. Re2 Rd4 39. Re4 Rd3+
40. Re3 Rd2 41. Re2 Rd4 1/2-1/2

[Event "XVI Festival A"]
[Site "Cesenatico ITA"]
[Date "2012.09.03"]
[Round "3"]
[White "Volkov, Sergey"]
[Black "Colovic, Aleksandar"]
[WhiteElo "2575"]
[BlackElo "2449"]
[Result "1-0"]
[PlyCount "103"]
[EventDate "2012.09.01"]

1. d4 d5 2. c4 c6 3. Nf3 Nf6 4. e3 Bf5 5. Nc3 e6 6. Nh4 Be4 7. f3 Bg6 8. Qb3
Qc7 9. g3 Be7 10. Bd2 Nbd7 11. cxd5 exd5 12. Be2 Nf8 13. Kf2 Ne6 14. Kg2 O-O
15. Nxg6 fxg6 16. Rac1 Qd7 17. h4 Bd6 18. Be1 Rae8 19. Bf2 Kh8 20. a3 Bb8 21.
Rcf1 Re7 22. Qd1 Ref7 23. Qd2 Qd6 24. Bd1 a6 25. b4 b5 26. Na2 Nd7 27. Nc1 Nb6
28. Nd3 Nc4 29. Qc1 a5 30. bxa5 Bc7 31. a6 c5 32. dxc5 Nxc5 33. Nxc5 Qxc5 34.
h5 Qd6 35. hxg6 Qxg6 36. Bc2 Nxe3+ 37. Qxe3 Qxc2 38. a7 d4 39. Qe4 Qxe4 40.
fxe4 Rd7 41. Bxd4 Ra8 42. Bc5 Ba5 43. Rh5 g6 44. Rd5 Rb7 45. e5 Bb6 46. Bxb6
Rxb6 47. Rd7 Ra6 48. Rff7 Rxa3 49. Rxh7+ Kg8 50. Rdg7+ Kf8 51. e6 Ra2+ 52. Kh3
1-0